000 00927nam a22002177a 4500
999 _c58412
_d58412
005 20221107170140.0
008 220121s2019 enk||||| |||| 00| 0 eng d
020 _a9780367728946 X
041 _aeng
080 _a37.018.26 W-80
245 _aWorking with Parents and Families in Early Childhood Education /
_cEdited by Ute Ward and Bob Perry.
264 _aLondon :
_bRoutledge,
_c2019.
300 _a157 p.;
_b24 cm.
653 _aმშობლებთან და ოჯახებთან მუშაობა სკოლამდელ ბავშვებში
653 _aპედაგოგიკა
653 _aРабота с родителями и семьями в дошкольном образовании
653 _aПедагогика
700 _aWard, Ute
_eრედაქტორი
_913421
700 _aPerry, Bob
_eრედაქტორი
_913422
942 _2udc
_cBK